000
00317nam a22001337a 4500
008
170227b xxu||||| |||| 00| 0 eng d
020
_a
9780471451969
041
_a
eng
080
_2
8TH
_a
577
100
_a
5
101
_a
SHMD
245
_a
INTRODUCTION TO GENERAL, ORGANIC, AND BIOCHEMISTRY
_c
HEIN
942
_2
udc
_c
BK
999
_c
6322
_d
6322